The art of thinking : a guide to critical and creative thought (Record no. 35483)

MARC details
000 -LEADER
fixed length control field 00552nam a2200193Ia 4500
020 ## - INTERNATIONAL STANDARD BOOK NUMBER
ISBN 9780205108930
050 ## - CALL MARK
Classification number BF 441 .R84/
100 ## - STATEMENT OF RESPONSIBILITY--MAIN AUTHOR NAME
Personal name Ruggiero, Vincent Ryan.
245 #4 - TITLE STATEMENT
Title The art of thinking : a guide to critical and creative thought
250 ## - EDITION / VOLUME STATEMENT
Edition / Volume statement 10th ed.
260 ## - PUBLICATION, DISTRIBUTION, ETC. (IMPRINT)
Place of publication Boston
260 ## - PUBLICATION, DISTRIBUTION, ETC. (IMPRINT)
Name of publisher Pearson
260 ## - PUBLICATION, DISTRIBUTION, ETC. (IMPRINT)
Year of publication 2012
300 ## - PHYSICAL DESCRIPTION
Number of Pages 288 p
650 ## - SUBJECT ADDED ENTRY--TOPICAL TERM
Topical Term Critical thinking. Creative thinking. Thought and thinking--Problems, exercises, etc.
942 ## - ADDED ENTRY ELEMENTS (KOHA)
Koha item type Books
Holdings
Withdrawn status Lost status Source of classification or shelving scheme Damaged status Not for loan Permanent Location Current Location Shelving location Date acquired Accession Number Price effective from Koha item type
    Library of Congress Classification     NILE UNIVERSITY OF NIGERIA - MAIN LIBRARY NILE UNIVERSITY OF NIGERIA - MAIN LIBRARY Items on shelf 04/23/2025 0011191 04/23/2025 Books